000 00607nam a22001817a 4500
999 _c160445
_d160445
005 20190213111337.0
010 _aENG-124698
020 _a9788183822336
_c195.00
035 _aEN-108230
037 _bDBAD/PUB
082 _a080
100 _aAhuja,Simar
245 _aMeaningful Quotes /
_cby Simar Ahuja
260 _aNew Delhi
_bLotus Press
_c2017
270 _aUnit No.220,2nd Floor,4735/22,Prakash Deep Building, Ansari Road, Daryaganj,
_bNew Delhi
_e110002
_k011-23280047,09811838000
_mlotusspress1984@gmail.com
300 _a366 p.
_c22cm.(pbk)
942 _2ddc
_cEN
_mAHU
_h080